Country Unscramble from its Alphabetical Order Spelling - >10 Letters - Statistics

General Stats
  • This quiz has been taken 16 times
  • The average score is 18 of 21
Answer Stats
Scrambled Name Real Name % Correct
AAABEIJNRZ Azerbaijan
100%
AAIIJKNSTT Tajikistan
100%
AEIKMNNRSTTU Turkmenistan
100%
ABEIKNSTUZ Uzbekistan
100%
AAAFGHINNST Afghanistan
93%
AABDEGHLNS Bangladesh
93%
AAAHKKNSTZ Kazakhstan
93%
AGKNRSTYYZ Kyrgyzstan
93%
BEGLMORUUX Luxembourg
93%
AAAIIMNRTU Mauritania
93%
ABEIMMOQUZ Mozambique
93%
EHIIILNPPPS Philippines
93%
AABEGIINSSUU- Guinea-Bissau
86%
AAAACDGMRS Madagascar
86%
ADEILNRSTWZ Switzerland
86%
EEGMNNOORT Montenegro
79%
ADEEHLNNRST Netherlands
79%
CEEEHLLSSY Seychelles
79%
EEILMORSTT- Timor-Leste
79%
CEEEHIILNNSTT Liechtenstein
71%
ACEIIMNORS Micronesia
57%
No matching quizzes found
Score Distribution
Percent of People with Each Score
Percentile by Number Answered
Your Score History
You have not taken this quiz